01477 a2200265 4500020001800000020001800018020001800036040001300054100002000067245004900087250001100136260003200147300002700179650002200206650002400228650002200252942002300274999001500297952013800312952015800450952013600608952015800744952014800902952016101050 a0-471-44577-0 a0-471-45243-2 a0-555-01323-5 aDLCbDLC1 aNise, Norman S.10aControl systems engineering cNorman S. Nise a4. ed. aHoboken, NJ ;bWiley,c2004 axxii, 983 s. :bill. + 0aAutomatic control 0aSystems engineering 0aAutomatic control cBKk629.8 NIS2ddc c4659d4659 001040708NFICaCLbCLcGENd2009-05-19eStar Booksg667.84l13m11o629.8 NISpSEECS009378r2026-01-27s2026-01-20w2017-01-05yBK 001040708NFICaCLbCLcGENd2007-11-07eAllied Book Companyg708.88l12m6o629.8 NISpSEECS008695q2026-02-19r2026-01-20s2026-01-20w2017-01-05yBK 001040708NFICaCLbCLcGENd2009-05-19eStar Booksg667.84l7m3o629.8 NISpSEECS009377r2020-09-18s2020-01-20w2017-01-05yBK 001040708NFICaCLbCLcGENd2007-11-07eAllied Book Companyg708.88l12m5o629.8 NISpSEECS008697q2026-02-19r2026-01-20s2026-01-20w2017-01-05yBK 001040708NFICaCLbCLcGENd2009-05-19eStar Booksg667.84l7m2o629.8 NISpSEECS009376q2026-02-19r2026-01-20s2026-01-20w2017-01-05yBK 001040708NFICaCLbCLcGENd2004-06-18eProgressive International Agenciesg446.63l11m5o629.8 NISpSEECS004593r2025-06-27s2024-01-30w2017-01-05yBK